|
|
|
|
| LEADER |
00000nam0a2200000 4500 |
| 001 |
136629 |
| 005 |
20231101220630.0 |
| 010 |
|
|
|a 9785238012841
|
| 035 |
|
|
|a (RuTPU)RU\TPU\book\148077
|
| 035 |
|
|
|a RU\TPU\book\97926
|
| 090 |
|
|
|a 136629
|
| 100 |
|
|
|a 20060222d2008 m y0rusy50 ca
|
| 101 |
0 |
|
|a rus
|
| 102 |
|
|
|a RU
|
| 105 |
|
|
|a y j 001zy
|
| 200 |
1 |
|
|a Экономика предприятия
|e учебник для вузов
|f под ред. В. Я. Горфинкеля
|
| 205 |
|
|
|a 5-е изд., перераб. и доп.
|
| 210 |
|
|
|a Москва
|c ЮНИТИ-ДАНА
|d 2008
|
| 215 |
|
|
|a 767 с.
|
| 225 |
1 |
|
|a Золотой фонд российских учебников
|
| 320 |
|
|
|a Библиогр.: с. 740-743.
|
| 330 |
|
|
|a Четвертое издание учебника (1-е изд., 1996 г., удостоено Диплома I степени конкурса «Деловая Россия», 2-е изд., 1998 г., отмечено в числе лучших отечественных учебников по экономике; 3-е изд., 2000 г., удостоено Диплома I степени конкурса Академии экономических наук и предпринимательской деятельности) отличается более широким кругом рассматриваемых вопросов. Включены новые материалы по среде функционирования предприятия, по трудовым ресурсам, производственной и инфраструктуре предприятия, организации производственного процесса, механизму управления предприятием, экстенсивным и интенсивным факторам его развития. Более подробно рассмотрена инновационная и инвестиционная деятельность предприятия, показаны собственные и заемные средства, расходы и доходы предприятия. Для студентов высших учебных заведений, обучающихся по специальности «Экономика и управление на предприятии» и по другим экономическим специальностям.
|
| 451 |
|
1 |
|0 (RuTPU)RU\TPU\book\191239
|y 978-5-238-01284-1
|t Экономика предприятия
|o учебник для вузов
|f под ред. В. Я. Горфинкеля
|e 5-е изд., перераб. и доп.
|c М.
|n ЮНИТИ-ДАНА
|d 2009
|p 767 с.
|
| 451 |
|
1 |
|0 (RuTPU)RU\TPU\book\97926
|y 978-5-238-01201-8
|t Экономика предприятия
|o учебник для вузов
|f под ред. В. Я. Горфинкеля, В. А. Швандара
|e 4-е изд., перераб. и доп.
|c М.
|n Юнити
|d 2007
|p 670 с.
|s Золотой фонд российских учебников
|
| 606 |
|
|
|a Предприятия
|x Экономика
|2 stltpush
|3 (RuTPU)RU\TPU\subj\36689
|9 57982
|
| 610 |
1 |
|
|a экономика
|
| 610 |
1 |
|
|a рыночная экономика
|
| 610 |
1 |
|
|a предпринимательская деятельность
|
| 610 |
1 |
|
|a внешняя среда
|
| 610 |
1 |
|
|a внутренняя среда
|
| 610 |
1 |
|
|a продукция
|
| 610 |
1 |
|
|a конкурентоспособность
|
| 610 |
1 |
|
|a малые предприятия
|
| 610 |
1 |
|
|a производственные ресурсы
|
| 610 |
1 |
|
|a основные фонды
|
| 610 |
1 |
|
|a оборотные средства
|
| 610 |
1 |
|
|a трудовые ресурсы
|
| 610 |
1 |
|
|a труд
|
| 610 |
1 |
|
|a нормирование
|
| 610 |
1 |
|
|a оплата труда
|
| 610 |
1 |
|
|a производственный процесс
|
| 610 |
1 |
|
|a организация производства
|
| 610 |
1 |
|
|a инфраструктура
|
| 610 |
1 |
|
|a рыночная модель
|
| 610 |
1 |
|
|a управление
|
| 610 |
1 |
|
|a реструктуризация
|
| 610 |
1 |
|
|a персонал
|
| 610 |
1 |
|
|a маркетинг
|
| 610 |
1 |
|
|a снабжение
|
| 610 |
1 |
|
|a инновационная деятельность
|
| 610 |
1 |
|
|a инвестиционная деятельность
|
| 610 |
1 |
|
|a качество
|
| 610 |
1 |
|
|a продукция
|
| 610 |
1 |
|
|a промышленные предприятия
|
| 610 |
1 |
|
|a экология
|
| 610 |
1 |
|
|a финансовые ресурсы
|
| 610 |
1 |
|
|a капитал
|
| 610 |
1 |
|
|a расходы
|
| 610 |
1 |
|
|a доходы
|
| 610 |
1 |
|
|a издержки
|
| 610 |
1 |
|
|a валовая прибыль
|
| 610 |
1 |
|
|a прибыль
|
| 610 |
1 |
|
|a себестоимость
|
| 610 |
1 |
|
|a ценовая политика
|
| 610 |
1 |
|
|a риски
|
| 610 |
1 |
|
|a бухгалтерский учет
|
| 610 |
1 |
|
|a бухгалтерская отчетность
|
| 610 |
1 |
|
|a экономический анализ
|
| 610 |
1 |
|
|a банкротство
|
| 610 |
1 |
|
|a учебники
|
| 686 |
|
|
|a У9(2)29я73
|v LBC/SL-A
|2 rubbk
|
| 702 |
|
1 |
|a Горфинкель
|b В. Я.
|g Владимир Яковлевич
|4 340
|
| 801 |
|
1 |
|a RU
|b 63413507
|c 20080424
|g PSBO
|
| 801 |
|
2 |
|a RU
|b 63413507
|c 20230626
|g PSBO
|
| 900 |
|
|
|a Экономика предприятия
|
| 900 |
|
|
|a Экономика предприятия и отрасли
|
| 900 |
|
|
|a Экономика предприятия, организация и управление производством
|
| 942 |
|
|
|c BK
|
| 952 |
|
|
|a 521600
|b 080100
|
| 959 |
|
|
|a 46/20080422
|d 1
|e 280,17
|f ЧЗГЛ:1
|